Gaming Quiz

Random Gaming Quiz
Score 0/29 Timer 10:00
0 Plays Today
% Correct
Bomberman
95%
Fire
92.5%
Light
87.5%
Pommy
87.5%
Ice
85%
Wind
82.5%
Lightning
80%
Earth
80%
Bulzeeb
77.5%
Lilith
77.5%
Baelfael
67.5%
Molok
67.5%
Behemos
65%
Shadow
65%
Alcatraz
65%
% Correct
Warship Noah
65%
Ashtarth
57.5%
Zoniha
57.5%
Horizon
57.5%
Zhael
55%
Aquanet
55%
Starlight
55%
Thantos
55%
Rukifellth
55%
The Angel of Light and Shadow
55%
Neverland
52.5%
Mihaele
52.5%
Epikyur
47.5%
Shtertoth
27.5%
Remove Ads.
Support Sporcle.
Get the best of Sporcle when you Go Orange. This ad-free experience offers more features, more stats, and more fun while also helping to support Sporcle. Thank you for becoming a member.

You're not logged in!

Compare scores with friends on all Sporcle quizzes.
OR
Log In

Show Comments

Extras

Created Nov 24, 2010ReportNominate
Tags:attack, bag, second

Top Quizzes Today


Score Distribution

Your Account Isn't Verified!

In order to create a playlist on Sporcle, you need to verify the email address you used during registration. Go to your Sporcle Settings to finish the process.

Report this User

Report this user for behavior that violates our Community Guidelines.

Details: